000 00269nam a2200097Ia 4500
001 649781
005 20250826154346.0
008 250824s9999 xx 000 0 und d
245 0 _aOSMANLI GÜNLÜKLERİ 5 YENİLİK SULTANLARI
_cSEVİNÇ KUŞOĞLU
260 _bGENÇ TİMAŞ
999 _c649781
_d649781